000
00288nam a2200109Ia 4500
008
230320s9999||||xx |||||||||||||| ||spa||
082
_a
370.152/E78
100
_a
Escaño, José ; Gil De La Serna, María
245
0
_a
Cómo Se Aprende Y Cómo Se Enseña
260
_b
Ice
942
_8
0
_c
LIB
999
_c
35969
_d
35969